01021 2200313 4500035002000000001002100020005001700041006001900058007000300077008004100080856016400121020002300285040002000308082001900328084002100347090002100368100001700389245007900406250001500485260004100500300003700541504002700578650001000605700002000615850001300635990002100648999001900669999001900688 a0010-0122001556INLIS00000000065980920181031150516.0a ||| | ta151219| ||| |  x http://opac.perpusnas.go.id/uploaded_files/sampul_koleksi/original/Monograf/924506.JPG?rnd=2008340174y http://opac.perpusnas.go.id/DetailOpac.aspx?id=924506  a 978-602-1279-21-2 a JKPNPNA b ind042 [23]a 613.7  a 613.704 6 FAJ a a CB-D.9 2015-6870 a Fajar Putra00a Acroyoga : b the yoga of trust / c Fajar Putra ; editor, Atiatul Mu'min a Cetakan I a Jakarta : b Penebar plus+, c 2015 a 137 hlm. : b ilus. ; c 22 cm. a Bibliografi : hlm.138 4a Yoga0 a Atiatul Mu'min a JKPNPNA a 201600103031373 a 687/DM/D/2015 a 687/DM/D/2015